Countries by 1930s Fascist Flags or Emblems - Statistics

General Stats
  • This quiz has been taken 742 times
  • The average score is 9 of 21
Answer Stats
Picture Answer % Correct
Germany - Nazi (National Socialist) Party
100%
Italy - Fascist Party
74%
Croatia - Ustashe
66%
Japan - Taisei Yokusankai (Imperial Rule Assistance Association)
66%
United Kingdom - British Union of Fascists
64%
Austria - Fatherland Front
53%
Spain - Falangist Party
53%
Romania - Iron Guard
50%
Hungary - Arrow Cross Party
44%
Portugal - National Union
42%
Slovakia - Slovak People's Party
36%
France - French Popular Party
35%
Belgium (Wallonia) - Rexist Party
30%
Poland - Falanga National Radical Camp
28%
Brazil - Brazilian Integralist Action
25%
Norway - Nasjonal Samling (National Rally)
24%
Greece - National Youth Organisation
17%
Netherlands - National Socialist Movement
17%
Belgium (Flanders) - Flemish National Union
16%
Bulgaria - Union of Bulgarian National Legions
14%
Canada - National Unity Party
14%
No matching quizzes found
Score Distribution
Percent of People with Each Score
Percentile by Number Answered
Your Score History
You have not taken this quiz